000 00653nam a2200217Ia 4500
005 20250508160738.0
008 008 250505s9999 xx 000 0 eng d
020 _a0-03083183-0
037 _aTextual
040 _aFEDL
_beng
_cFEDL
041 _aeng
_2eng
084 _a155.2, ROT
_qFEDL
100 _aRotter Julian B.
_985731
245 0 _aApplications of a social learning theory of personality
260 _aNew York, USA
_bHolt, Rinehart and Winston
_c1972
300 _axiii,624p.
650 _aPersonality
700 _a Chance June E. Phares E. Jerry
_9769267
942 _cTEXL
_h155.2, ROT
999 _c1366373
_d1366373